| 000 | 00673cam a2200205 i 4500 | ||
|---|---|---|---|
| 005 | 20251210104512.0 | ||
| 008 | 250721s1995 xu gr 000 0 ara d | ||
| 082 | 1 | 4 |
_a216,23 _bم ح م |
| 100 | 1 |
_aطنطاوي، محمد سيد _eمؤلف. |
|
| 245 | 1 | 2 |
_aالصوم المقبول / _cالدكتور محمد سيد طنطاوي مفتي الديار المصريه. |
| 264 | 3 | 1 |
_aالقاهرة : _bدار أخبار اليوم، _c1995. |
| 300 | _a112صفحه. | ||
| 490 | 0 | _aكتاب اليوم. | |
| 650 | 1 | 7 | _aالإسلام. |
| 650 | 1 | 7 | _aالفقه. |
| 650 | 1 | 7 | _aالعبادة. |
| 650 | 1 | 7 | _aالصوم. |
| 942 |
_2ddc _cBK |
||
| 999 |
_c445 _d445 |
||